00441nam a2200181Ia 4500008004100000020001800041050001400059100001800073245001900091245005000110260001500160260001600175260000900191300001500200300002700215300001000242500000700252170918s9999 xx 000 0 und d a9780590273756 bF825 1994 aFranco, Betsy aBo and Peter / cBetsy Franco ; illustrated by Stacey Schuett. aNew York : bScholastic, c1994 a16 pages : bcolored illustration ; c19cm. aBR